Cross the U.S. Using Only States that Start with W, O, M, A, or N - Statistics

General Stats
  • This quiz has been taken 77 times
  • The average score is 10 of 16
Answer Stats
Answer % Correct
Oregon
100%
Nevada
84%
Arizona
82%
New Mexico
82%
Oklahoma
79%
Missouri
77%
Nebraska
65%
Ohio
50%
Maryland
47%
Wyoming
45%
Michigan
44%
Minnesota
44%
Wisconsin
44%
North Dakota
42%
West Virginia
42%
Montana
39%
No matching quizzes found
Score Distribution
Percent of People with Each Score
Percentile by Number Answered
Your Score History
You have not taken this quiz